Statystyki dla Stolice 49 państw Europy

Kliknij tutaj aby rozwiązać quiz!

Ogólne statystyki

  • Ten quiz został rozwiązany 115 518 razy
    (115 490 od ostatniego zresetowania)
  • Średni wynik to 31 z 49

Statystyki odpowiedzi

HintOdpowiedź% Poprawnych
PolskaWarszawa
100%
UkrainaKijów
88%
HiszpaniaMadryt
87%
FrancjaParyz
86%
CzechyPraga
86%
WatykanWatykan
86%
GrecjaAteny
85%
Wielka BrytaniaLondyn
83%
WłochyRzym
83%
DaniaKopenhaga
82%
NiemcyBerlin
81%
HolandiaAmsterdam
80%
RosjaMoskwa
80%
San MarinoSan Marino
78%
SzwecjaSztokholm
78%
NorwegiaOslo
75%
BiałoruśMińsk
74%
PortugaliaLizbona
73%
AustriaWiedeń
73%
BelgiaBruksela
72%
MonakoMonako
72%
ChorwacjaZagrzeb
72%
IrlandiaDublin
71%
LuksemburgLuksemburg
71%
LitwaWilno
69%
WęgryBudapeszt
68%
SłowacjaBratysława
64%
FinlandiaHelsinki
64%
BułgariaSofia
64%
RumuniaBukareszt
63%
ŁotwaRyga
63%
AndoraAndora
59%
TurcjaAnkara
59%
SzwajcariaBerno
59%
EstoniaTallin
56%
Bośnia i HercegowinaSarajewo
52%
LichtensteinVaduz
43%
CyprNikozja
42%
SerbiaBelgrad
38%
AlbaniaTirana
38%
KosowoPrisztina
37%
MacedoniaSkopje
37%
MołdawiaKiszyniow
36%
SłoweniaLublana
36%
MaltaValetta
35%
CzarnogóraPodgorica
33%
IslandiaRejkjawik
25%
KazachstanAstana
23%
NaddniestrzeTyraspol
9%

Rozkład punktacji

Percentyl według liczby udzielonych odpowiedzi

Procent ludzi z każdym wynikiem

Twoja historia wyników

Nie rozwiązałeś tego quizu od ostatniego zresetowania